000 00609nam a2200169 4500
999 _c3674
_d3674
008 160804b xxu||||| |||| 00| 0 eng d
022 _a00014826
082 _aDPer 657.05 Ac27 Nov 2015 v. 90, n. 6
100 _912225
_aBackof, Ann G.
243 _aThe accounting review
245 _aThe impact of audit evidence documentation on jurors' negligence verdicts and damage awards/
_cAnn G. Backof.
260 _aSarasota, Florida:
_bAmerican Accounting Association,
_c©2015.
300 _av90 n6, pages 2177-2204;
_c26 cm.
500 _aThe Accounting Review.
650 0 _912226
_aAuditing
942 _2ddc
_cPER